Statistics for Thunderstruck Lyrics

Click here to take the quiz!

General Stats

  • This quiz has been taken 153 times
  • The average score is 18 of 28

Answer Stats

Lyrics% Correct
{Thunder}, {thunder}, {thunder}, {thunder}
99%
{Thunderstruck}, {Thunderstruck}
90%
{Thunderstruck}, {Thunderstruck}, {Thunderstruck}, {Thunderstruck}
90%
{Thunderstruck}, {Thunderstruck}, you've been {Thunderstruck}
90%
{Thunderstruck}, yeah, yeah, yeah
90%
{Thunderstruck}, you've been {Thunderstruck}
90%
You've been {Thunderstruck}
90%
You've been {Thunderstruck}
90%
I looked around and I knew there was no {turning} back
78%
And I knew there was no {help}, no {help} from you
76%
{Beating} in my heart
72%
Sound of the {drums}
67%
And I was {shaking} at the knees
64%
Could I come again {please}
64%
Could I come again {please}
64%
I was {shaking} at the knees
64%
I was caught in the middle of a {railroad} {track}
58%
The thunder of the guns {tore} me apart
58%
Went through {Texas}, yeah {Texas}, and we had some fun
53%
Yeah yeah they, they, they blew our {minds}
53%
Broke the {limit}, we hit the town
52%
Broke all the rules. {Played} all the fools
49%
My mind {raced} and I thought what could I do
48%
Yeah them {ladies} were too kind
45%
It's {alright}, we're doin' fine. It's {alright} we're doin' fine, fine, fine
43%
We met some girls, some {dancers} who gave a good time
42%
{Rode} down the highway
20%
Thunderstruck, {baby}, {baby}
19%

Score Distribution

Percentile by Number Answered

Percent of People with Each Score

Your Score History

You have not taken this quiz